| 000 | 00493nam a22001697a 4500 | ||
|---|---|---|---|
| 999 |
_c41073 _d41073 |
||
| 003 | OSt | ||
| 005 | 20210305112326.0 | ||
| 008 | 210305b ||||| |||| 00| 0 eng d | ||
| 020 | _a9780486789422 | ||
| 040 | _coclc | ||
| 082 |
_a154.634 _bFRE/I |
||
| 100 |
_95941 _aFreud, Sigmund |
||
| 245 |
_aThe Interpretation Of Dreams / _cSigmund Freud |
||
| 260 |
_aNew York: _bDover Publications, _c2015. |
||
| 300 | _a465p | ||
| 942 |
_2ddc _cBK _h154.634 _iFRE/I _k154.634 _mFRE/I |
||